Economic progress puts Greece in the spotlight. (Record no. 60820)
[ view plain ]
| 000 -LEADER | |
|---|---|
| fixed length control field | 00566cam a2200169 4500 |
| 001 - CONTROL NUMBER | |
| control field | ABS61130 |
| 008 - FIXED-LENGTH DATA ELEMENTS--GENERAL INFORMATION | |
| fixed length control field | 000000n1999 000 0 eng u |
| 035 ## - SYSTEM CONTROL NUMBER | |
| System control number | (Sirsi) u101695 |
| 100 ## - MAIN ENTRY--PERSONAL NAME | |
| Personal name | Mann, D. |
| 245 ## - TITLE STATEMENT | |
| Title | Economic progress puts Greece in the spotlight. |
| 260 ## - PUBLICATION, DISTRIBUTION, ETC. | |
| Date of publication, distribution, etc. | 1999 |
| 490 ## - SERIES STATEMENT | |
| Series statement | EuroProperty |
| Volume/sequential designation | August 1999, 14-15(2) |
| 520 ## - SUMMARY, ETC. | |
| Summary, etc. | Greece is enjoying international investment interest for the first time, due to Athens hosting the 2004 Olympic Games, and European economic convergence. |
| 650 ## - SUBJECT ADDED ENTRY--TOPICAL TERM | |
| Topical term or geographic name entry element | GREECE |
| 690 ## - LOCAL SUBJECT ADDED ENTRY--TOPICAL TERM (OCLC, RLIN) | |
| Topical term or geographic name as entry element | OVERSEAS-EUROPE |
| 942 ## - ADDED ENTRY ELEMENTS (KOHA) | |
| Suppress in OPAC | 0 |
| Withdrawn status | Lost status | Source of classification or shelving scheme | Damaged status | Not for loan | Home library | Current library | Shelving location | Date acquired | Total Checkouts | Full call number | Barcode | Date last seen | Copy number | Price effective from | Koha item type |
|---|---|---|---|---|---|---|---|---|---|---|---|---|---|---|---|
| Dewey Decimal Classification | London | London | Journal article | 09/11/1999 | ABS61130 | 101695-1001 | 06/08/2019 | 1 | 06/08/2019 | Journal article |